Железобетонные конструкции. Общий курс: учебник для вузов

Opis bibliograficzny
1. autor: Байков В. Н. Виталий Николаевич
Kolejni autorzy: Сигалов Э. Е. Эммануил Евсеевич
Streszczenie:Описаны физико-механические свойства бетона и железобетона. Приведены основы теории сопротивления железобетонных элементов и способы их конструирования. Изд. 4-е вышло в 1985 г. Изд. 5-е, выпущенное в 1991 г., переработано и дополнено в соответствии с действующими нормативными документами и новой учебной программой. Настоящее издание репринтное с 5-го издания. Для студентов высших учебных заведений, обучающихся по специальности «Промышленное и гражданское строительство».
Język:rosyjski
Wydane: Москва, Бастет, 2009
Wydanie:6-е изд., репр.
Hasła przedmiotowe:
Format: MixedMaterials Książka
KOHA link:https://koha.lib.tpu.ru/cgi-bin/koha/opac-detail.pl?biblionumber=163637

MARC

LEADER 00000nam0a2200000 4500
001 163637
005 20231101222418.0
010 |a 9785903178155 
020 |a RU  |b 85-30389 
035 |a (RuTPU)RU\TPU\book\177542 
035 |a RU\TPU\book\144040 
090 |a 163637 
100 |a 20080311d2009 m y0rusy5003 ca 
101 0 |a rus 
102 |a RU 
105 |a a j 001zy 
200 1 |a Железобетонные конструкции. Общий курс  |e учебник для вузов  |f В. Н. Байков, Э. Е. Сигалов 
205 |a 6-е изд., репр. 
210 |a Москва  |c Бастет  |d 2009 
215 |a 768 с.  |c ил. 
320 |a Предметный указатель: с. 762-767. 
330 |a Описаны физико-механические свойства бетона и железобетона. Приведены основы теории сопротивления железобетонных элементов и способы их конструирования. Изд. 4-е вышло в 1985 г. Изд. 5-е, выпущенное в 1991 г., переработано и дополнено в соответствии с действующими нормативными документами и новой учебной программой. Настоящее издание репринтное с 5-го издания. Для студентов высших учебных заведений, обучающихся по специальности «Промышленное и гражданское строительство». 
606 1 |a Железобетонные конструкции  |2 stltpush  |3 (RuTPU)RU\TPU\subj\10630  |9 37672 
610 1 |a физико-механические свойства 
610 1 |a изгиб 
610 1 |a сжатие 
610 1 |a кручение 
610 1 |a сопротивление 
610 1 |a проектирование 
610 1 |a тонкостенные конструкции 
610 1 |a многоэтажные здания 
610 1 |a инженерные сооружения 
610 1 |a реконструкция 
610 1 |a промышленные здания 
610 1 |a учебники 
675 |a 624.012.45(075.8)  |z rus 
700 1 |a Байков  |b В. Н.  |g Виталий Николаевич 
701 1 |a Сигалов  |b Э. Е.  |g Эммануил Евсеевич 
801 1 |a RU  |b 63413507  |c 20090820 
801 2 |a RU  |b 63413507  |c 20150724  |g RCR 
900 |a Строительные конструкции 
900 |a Строительные материалы, конструкции и машины 
942 |c BK 
953 |b 270102 
959 |a 82/20090820  |d 10  |e 670,00  |f АНЛ:1  |f ЧЗТЛ:1  |f УФ:8